Voda - životné prostredie rastlín

Bibliographic Details
Main Author: Oťaheľová, Helena, 1946- (Author)
Format: Article
Language:Slovak
PhysicalDescription:Obr. 4.
Subjects:

MARC

LEADER 00000nab a2200000 a 4500
001 vtls000040254
003 SK-MaSNL
005 20260303101052.0
008 220422c1979 xo 0 slo
015 |a SNBRB19rr/mm-uuuuu 
035 |a CL0050349 
040 |a SNKBUCL  |b slo  |c SNKBUCL  |e AACR2 
041 0 |a slo 
044 |a xo  |c SK 
080 |a 574  |2 1981 
080 |a 581.5  |2 1981 
080 |a 582  |2 1981 
080 |a 628  |2 1981 
100 1 |a Oťaheľová, Helena,  |d 1946-  |4 aut  |9 18565 
245 1 0 |a Voda - životné prostredie rastlín  |c Helena Oťahelová 
300 |b Obr. 4. 
650 0 7 |a hydrobiológia  |2 snkbucl  |9 3931 
650 0 7 |a rastliny vodné  |2 snkbucl  |9 854367 
650 0 7 |a voda  |2 snkbucl  |9 854 
655 7 |a články z novín a časopisov  |2 snkbucl  |9 267496 
773 0 |t Príroda a spoločnosť  |g Roč. 28, č. 20 (1979), s. 18-23 
850 |a Slovenská národná knižnica v Martine  |a MTA001 
852 |a SNK  |b KIS3GCP 
958 |a RK 
958 |a ME 
992 |a RBX 
999 |c 1836764  |d 1838694